Welcome to the Holygrace Academy Library

Please use search bar below to get started

MAITHRIYUTE LOKAJEEVITHAM (Record no. 8656)

MARC details
000 -LEADER
fixed length control field 00375nam a22001337a 4500
082 ## - DEWEY DECIMAL CLASSIFICATION NUMBER
Classification number 894.812
Item number ELA/M
100 ## - MAIN ENTRY--AUTHOR NAME
Personal name ELAYIDAM, SUNIL P
245 ## - TITLE STATEMENT
Title MAITHRIYUTE LOKAJEEVITHAM
246 ## - VARYING FORM OF TITLE
Title proper/short title MAITHRIYUTE LOKAJEEVITHAM
Remainder of title MAITHRIYUTE LOKAJEEVITHAM
260 ## - PUBLICATION, DISTRIBUTION, ETC. (IMPRINT)
Place of publication KOTTAYAM, KERALA, INDIA
Name of publisher D C BOOKS
Year of publication 2023
300 ## - PHYSICAL DESCRIPTION
Number of Pages 281
650 ## - SUBJECT ADDED ENTRY--TOPICAL TERM
Topical Term MALAYALAM -STUDY /SOCIAL STUDIES
942 ## - ADDED ENTRY ELEMENTS (KOHA)
Koha item type Books
Holdings
Withdrawn status Lost status Collection code Home library Current library Shelving location Date acquired Source of acquisition Cost, normal purchase price Full call number Accession Number Koha item type
    Non-fiction Main Library Main Library NEW SHELF WITH NEW ENTRY 07/03/2024 PURCHASED 350.00 894.812 ELA/M 13578 Books